00493nam a2200145Ia 4500008004100000040001800041041000800059110003200067245009200099260005600191300001800247500002700265650003100292650002400323130821s1956 mx gr spa  aCo-BoUCMbspa aspa1 aColegio Nacional (México)13aEl Colegio Nacional a Alfonso Reyes en su cincuentenario de escritorcColegio Nacional. aMéxico D.F. (México)bEl Colegio Nacionalc1956 a254 páginas aNotas al pie del texto04aLiteratura latinoamericana04aLiteratura mexicana